| 000 | 00554nmm a2200181Ia 4500 | ||
|---|---|---|---|
| 008 | 251105s9999||||xx |||||||||||||||||und|| | ||
| 041 | _aspa | ||
| 100 | _aSlater, Lauren | ||
| 245 | 0 |
_aCuerdos entre locos : _b Grandes experimentos psicológicos del siglo XX |
|
| 264 |
_a[Madrid, España] : _bAlba Editorial, _c2014 |
||
| 300 | _a360 páginas | ||
| 490 | _aTrayectos | ||
| 650 | _aPsychology | ||
| 700 | _aSlater, Lauren | ||
| 700 | 1 | _a Cardeñoso Sáenz de Miera, Concha | |
| 856 | _uhttps://public.digitaliapublishing.com/a/33329 | ||
| 942 | _cCF | ||
| 999 |
_c71512 _d71512 |
||